| 000 | 01245nas a2200349 i 4500 | ||
|---|---|---|---|
| 001 | 1825 | ||
| 003 | ES-MaACL | ||
| 005 | 20250721062538.0 | ||
| 007 | t| | ||
| 008 | 950801d19451983sp t| p n | ||pa d | ||
| 022 | _a0034-8058 | ||
| 080 | _a(460) | ||
| 080 | _a33(05) | ||
| 245 | 0 | 0 |
_aRevista de economía política / _cInstituto de Estudios Políticos. |
| 260 |
_aMadrid : _bInstituto de Estudios Políticos, _c1945-1983. |
||
| 300 |
_a38 v. ; _c24 cm. |
||
| 310 | _aCuatrimestral | ||
| 362 | 1 | _aVol. 1, n. 1 en.-mar. (1945)-n. 93 (en.-abr. 1983) | |
| 500 | _aSuspendida entre jul. 1945 y abr. 1950. | ||
| 550 | _aEdita (1978- ): Centro de Estudios Constitucionales. | ||
| 650 | 1 | 7 |
_aEconomía _2embne _912006 |
| 650 | 0 | 4 |
_aEconomía- _vHistoria. _912012 |
| 700 | 1 |
_aConde, F.J, _edir. _9194297 |
|
| 710 | 2 |
_aCentro de Estudios Constitucionales (España) _92618 |
|
| 710 | 2 |
_aInstituto de Estudios Políticos (Madrid) _94924 |
|
| 785 | 0 | 0 |
_a. _tRevista de historia económica _x0212-6109 |
| 852 | 4 |
_aES-MaACL _jHem-972 |
|
| 852 |
_aES-MaACL _jAND-995 _z. - Biblioteca Juan Andrade |
||
| 866 | 0 | _o1950-1961(1962f.n.30)1963-71(1972f.n.61)1973-82. | |
| 866 | 0 | _o(1957, sólo v. 8., n. 2: may.-ag.). | |
| 999 |
_c1825 _d1825 |
||